• 首页
  • 本馆介绍
  • 公告通知
  • 最新文献
  • 馆藏检索
  • 电子资源
  • 读者导购
  • 参考咨询
  • 我的图书馆
  • 登录
  • 详细信息显示
  • 放入我的书架
  • 预约/预借图书
  • 作者相关作品
  • 分类相关作品
  • 丛书相关作品
  • 出版社相关作品

书目信息

  • 表格格式
  • 工作单格式
  • 卡片格式
题名:
磁路及带铁心电路
    
 
作者: 龚绍文 编
分册:  
出版信息: 北京   高等教育出版社  1985
页数: 188页
开本: 19cm
丛书名:
单 册:
中图分类: TM14 , TM13
科图分类:
主题词: 磁路--高等学校--教学参考资料 , 非线性电路--高等学校--教学参考资料 , 电路理论
电子资源:
ISBN:
000 00780nam0 2200289 45
001 0185020293
005 20040524090816.4
010    @dCNY1.30
091    @a15010.0597
100    @a19930928d1985 em y0chiy0121 ea
101 0  @achi
102    @aCN@b110000
105    @ay z 000yy
106    @ar
200 10 @a磁路及带铁心电路@Aci lu ji dai tie xin dian lu@f龚绍文编
210    @a北京@c高等教育出版社@d1985
215    @a188页@d19cm
300    @a高等学校教学参考书
606    @a磁路@x高等学校@x教学参考资料
606    @a非线性电路@x高等学校@x教学参考资料
606 0  @a电路理论
690    @aTM14@v3
690    @aTM13
701  0 @a龚绍文@Agong shao wen@4编
801  0 @aCN@b深圳图书馆@c20040524
801  2 @aCN@bNLC@c20040524
905    @f4@b136295-298@dTM13@e104
    
    磁路及带铁心电路/龚绍文编.-北京:高等教育出版社,1985
    188页;19cm
    高等学校教学参考书
    
    ISBN :CNY1.30
    
●
相关链接 在E读中查询图书 在五车中查询图书 在当当中查询图书 在豆瓣中查询图书


正题名:磁路及带铁心电路     索取号:TM13/104         预约/预借

序号 登录号 条形码 馆藏地/架位号 状态 备注
1 0136295   001343219   密集书库/ [索取号:TM13/104] 在馆    
2 0136296   001343291   密集书库/ [索取号:TM13/104] 在馆    
3 0136297   001343335   第三借阅区/ [索取号:TM13/104] 在馆    
4 0136298   001343255   密集书库/ [索取号:TM13/104] 在馆    
5 0136299   202102367   第二样本阅览室/ [索取号:TM13/104] 在馆    
唐山师范学院图书馆 欢迎您!
大连网信软件有限公司© 版权所有